Enable the complete reference
| Main Author: | |
|---|---|
| Format: | Book |
| Published: |
Berkeley, Calif. :
Osborne McGraw-Hill ,
1992
|
| Subjects: |
MARC
| LEADER | 00000cam a2200000 7i4500 | ||
|---|---|---|---|
| 001 | 0000009857 | ||
| 002 | 000010735 | ||
| 005 | 20000330.0 | ||
| 020 | |a 0078818109 | ||
| 090 | 0 | 0 | |a 005.36 |b JOH |
| 100 | 1 | |a Johnson, Yvonne | |
| 245 | 1 | 0 | |a Enable the complete reference |c Yvonne Johnson |
| 260 | |a Berkeley, Calif. : |b Osborne McGraw-Hill , |c 1992 | ||
| 300 | |a 944 p. ; |c 25 cm. | ||
| 650 | 0 | 0 | |a Database management |x Software |
| 650 | 0 | 0 | |a Enable (computer programs) |
| 650 | 0 | 0 | |a Word processing |x Software |
| 999 | |a 053056 |b BUKU |c PINJAMAN |e PERPUSTAKAAN KOMUNITI PETALING JAYA | ||